Central Library OPAC University of Rajshahi

Social studies for future citizens / (Record no. 33518)

MARC details
000 -LEADER
fixed length control field 00723nam a22002292i 4500
001 - CONTROL NUMBER
control field 33518
003 - CONTROL NUMBER IDENTIFIER
rucl marc code BD-RjUL
005 - DATE AND TIME OF LATEST TRANSACTION
control field 20211209052025.0
008 - FIXED-LENGTH DATA ELEMENTS--GENERAL INFORMATION
fixed length control field 140508s1953 e 000 0 eng d
035 ## - SYSTEM CONTROL NUMBER
System control number OCLC ocm30167227 from D960709M
-- (BD-RjUL)33609
040 ## - CATALOGING SOURCE
Original cataloging agency UKM
Transcribing agency UKM
Modifying agency BD-RjUL
Language of cataloging eng
041 ## - LANGUAGE CODE
Language code of text/sound track or separate title eng
082 ## - DEWEY DECIMAL CLASSIFICATION NUMBER
Classification number 300.71
Edition number 18
Author mark and year NIS 1953
100 1# - MAIN ENTRY--PERSONAL NAME
Personal name Nicholson, Frederick James
9 (RLIN) 101722
245 10 - TITLE STATEMENT
Title Social studies for future citizens /
Statement of responsibility, etc. Nicholson, Frederick James
260 ## - PUBLICATION, DISTRIBUTION, ETC. (IMPRINT)
Place of publication, distribution, etc. London :
Date of publication, distribution, etc. 1953.
Name of publisher, distributor, etc. George G.Harrap & Co.,
300 ## - PHYSICAL DESCRIPTION
Pagination [4] 96 p. :
Illustrations ill. ;
Size 21 cm
650 ## - SUBJECT ADDED ENTRY--TOPICAL TERM
Topical term or geographic name as entry element Social sciences Study and teaching
9 (RLIN) 101723
700 1# - ADDED ENTRY--PERSONAL NAME
Personal name Wright, Victor Kenneth.
942 ## - ADDED ENTRY ELEMENTS (KOHA)
Source of classification or shelving scheme Dewey Decimal Classification
Koha item type Books
Holdings
Lost status Source of classification or shelving scheme Damaged status Not for loan Collection code Permanent Location Current Location Shelving location Date acquired Source of acquisition Cost, normal purchase price Total Checkouts Full call number Date last seen Copy number Koha item type
  Dewey Decimal Classification   Not For Loan Non-fiction Central Library, University of Rajshahi Central Library, University of Rajshahi Reading Room 21/05/1955 Park Co-op Book Society 3.12   300.71 NIS 1953 08/05/2014 C-1 Books